000 00736nam a2200241 a 4500
008
020 _a039395255X (pbk.)
049 _aMAIN
090 _aQH308.2
_bKEE
100 1 _aKeeton, William T.
245 1 0 _aElements of biological science /
_cWilliam T. Keeton, Carol Hardy McFadden ; illustrated by Paula Di Santo Bensadoun.
250 _a3rd ed.
260 _aNew York :
_bNorton,
_c1983.
300 _axiv, 729, 45 p. :
_bill. (some col.) ;
_c29 cm.
500 _aIncludes index.
650 0 _aBiology.
700 1 _aMcFadden, Carol Hardy.
907 _a.b10012886
_b12-09-12
_c17-04-03
003
005 20230123133648.0
040 _cNUST
942 _cBOOKS
_kQH308.2
_mKEE
999 _c152455
_d152455